Plagi egipskie - Statystyki

Ogólne statystyki
  • Ten quiz został rozwiązany 1 569 razy
  • Średni wynik to 4 z 10
Statystyki odpowiedzi
# Plaga % Poprawnych
8. Szarańcza
84%
2. Żaby
57%
1. Plaga krwi
53%
9. Ciemność
48%
10. Śmierć pierworodnych
38%
4. Muchy
35%
3. Komary
33%
5. Pomór bydła
24%
7. Grad
20%
6. Wrzody
19%
Nie znaleziono quizów pasujących do podanych kryteriów
Rozkład punktacji
Procent ludzi z każdym wynikiem
Percentyl według liczby udzielonych odpowiedzi
Twoja historia wyników
Nie rozwiązałeś tego quizu